000 03616nam a2200217Ia 4500
999 _c30940
_d30940
003 OSt
005 20220207120600.0
008 160316s2012 xxu||||| |||| 00| 0 eng d
020 _a9789381270127
040 _cNLS
082 _a347.05 COD
100 _a
245 _aCode of civil procedure
260 _aNew Delhi
_bProfessional Book Publishers
_c2012
300 _a332p
365 _bRs. 190
505 _aContents: The Code of Civil Procedure, 1908; Preliminay; Part I-Suits in general; Part II-Execution; Part III-Incidental proceedings; Part IV-Suits in particular cases; Part V-Special proceedings; Part VI-Supplemental proceedings; Part VII-Appeals; Part VIII-Reference, review and revision; Part IX-Special provisions relating to the high court not being the court of a judicial commissioner; Part X-Rules; Part XI-Miscellaneous; The First Schedule; Order I-Parties to suits; Order II-Frame of suit; Order III-Recognised agents and pleaders; Order IV-Institution of suits; Order V-Issue and service of summons; Order VI-Pleadings generally; Order VII-Plaint; Order VIII-Written statement, set-off and counter-claim; Order IX-Appearance of parties and consequence of non-appearance; Order X-Examination of parties by the court; Order XI-Discovery and inspection; Order XII-Admissions; Order XIII-Production, impounding and return of documents; Order XIV-Settlement of issues and determination of suit on issues of law or on issues agreed upon; Order XV-Disposal of the suit at the first hearing; Order XVI-Summoning and attendance of witnesses; Order XVI-A-Attendance of witnesses confined or detained in prisons; Order XVII-Adjournments; Order XVIII-Hearing of the suit and examination of witnesses; Order XIX-Affidavits; Order XX-Judgment and decree; Order XX-A-Costs; Order XXI-Execution of decrees and orders; Order XXII-Death, mariage and insolvency of parties; Order XXIII-Withdrawal and adjustment of suits; Order XXIV-Payment into court; Order XXV-Security for costs; Order XXVI-Commissions; Order XXVII-Suits by or agents the Government or public officers in their official capacity; Order XXVII-A-Suits involving a substantial question of law as to the interpretation of the constitution or as to the validty of any statutory instrument; Order XXVIII-Suits by or against military or naval men or airmen; Order XXIX-Suits by or against corporations; Order XXX-Suits by or against firms and persons carrying on business in names other than their own; Order XXXI-Suits by or against trustees, executors and administrators; Order XXXII-Suits by or against minors and persons of unsound mind; Order XXXII-A-Suits relating to matters concerning the family; Order XXXIII-Suits by indigent persons; Order XXXIV-Suits relating to mortgages of immovable property; Order XXXV-Interpleader; Order XXXVI-Special case; Order XXXVII-Summary procedure; Order XXXVIII-Arrest and attament before judgment; Order XXXIX-Temporary injunctions and interlocutory orders; Order XL-Appointment of receivers; Order XLI-Appeals from original decrees; Order XLII-Appeals from appellate decrees; Order XLIII-Appeals from orders; Order XLIV-Appeals by indigent persons; Order XLV-Appeals to the Supreme Court; Order XLVI-Reference; Order XLVII-Review; Order XLVIII-Miscellaneous; Order XLIX-Chartered high courts; Order L-Provincial small cause courts; Order LI-Presidency small cause courts; Appendices to the first schedule; Forms; Appendix.
650 _a1. Civil Procedure - Code of Civil Procedure
700 _a
_a
942 _2ddc
_cBK